000
00511nam a2200181Ia 4500
008
090123s9999 xx 000 0 und d
082
_b
3754
100
_a
राजरत्नं जी.पी.
245
_a
नागन पदगळु
250
_a
3
260
_c
1974
300
_a
80
600
_a
राजरत्नं जी.पी.
630
_a
नागन पदगळु
700
_a
राजरत्नं जी.पी.
730
_a
नागन पदगळु
942
_c
BOOK
999
_c
41833
_d
41833